Detalles MARC
| 000 -CABECERA |
| campo de control de longitud fija |
02892nam a2200349 4500 |
| 001 - NÚMERO DE CONTROL |
| campo de control |
113482 |
| 003 - IDENTIFICADOR DEL NÚMERO DE CONTROL |
| campo de control |
DR-UNIBE |
| 005 - FECHA Y HORA DE LA ÚLTIMA TRANSACCIÓN |
| campo de control |
20250428142942.0 |
| 008 - DATOS DE LONGITUD FIJA--INFORMACIÓN GENERAL |
| campo de control de longitud fija |
250424b2024 dr ||||| |||| 00| 0 spa d |
| 020 ## - NÚMERO INTERNACIONAL ESTÁNDAR DEL LIBRO |
| Número Internacional Estándar del Libro |
9789945251265 |
| 040 ## - FUENTE DE LA CATALOGACIÓN |
| Centro catalogador/agencia de origen |
BIBLIOTECA UNIBE |
| Centro/agencia transcriptor |
BIBLIOTECA UNIBE |
| Lengua de catalogación |
spa |
| Normas de descripción |
rda |
| 041 ## - CÓDIGO DE LENGUA |
| Código de lengua del texto/banda sonora o título independiente |
spa |
| 082 ## - NÚMERO DE LA CLASIFICACIÓN DECIMAL DEWEY |
| Número de edición |
22 |
| Número de clasificación |
RD 920.97293 C343c |
| 100 10 - ENTRADA PRINCIPAL--NOMBRE DE PERSONA |
| Nombre de persona |
Cassa, Roberto, |
| Fechas asociadas al nombre |
1948- |
| Forma completa/desarrollada del nombre |
(Cassá Bernaldo de Quirós, Roberto) |
| Títulos y otros términos asociados al nombre |
autor |
| 9 (RLIN) |
194516 |
| 245 14 - MENCIÓN DE TÍTULO |
| Título |
Con la palabra de Dios / |
| Mención de responsabilidad, etc. |
Roberto Cassá ; prólogo: Rafael Emilio Yunén ; cuidado de la edición: Aimara Vera Riverón ; diagramación: Juan Francisco Domínguez Novas ; diseño de portada:Yenifer De la Rosa |
| 250 ## - MENCIÓN DE EDICIÓN |
| Mención de edición |
Primera edición |
| 260 ## - PUBLICACIÓN, DISTRIBUCIÓN, ETC. |
| Lugar de publicación, distribución, etc. |
Santo Domingo : |
| Nombre del editor, distribuidor, etc. |
Archivo General de la Nación (AGN) : |
| -- |
Universidad Autónoma de Santo Domingo Facultad de Humanidades : |
| -- |
Grupo MALLEN, |
| Fecha de publicación, distribución, etc. |
2024 |
| 300 ## - DESCRIPCIÓN FÍSICA |
| Extensión |
597 páginas : |
| Otras características físicas |
fotos b/n ; |
| Dimensiones |
25 x 17 cm |
| 490 ## - MENCIÓN DE SERIE |
| Mención de serie |
Archivo General de la Nación ; |
| Designación de volumen o secuencia |
521 |
| 500 ## - NOTA GENERAL |
| Nota general |
Información del autor y comentario de la obra en las solapas. Cubierta: Peregrinos caminando a Palma Sola, fuente: Periódico El Caribe |
| 505 ## - NOTA DE CONTENIDO CON FORMATO |
| Nota de contenido con formato |
Prólogo |<br/>Agradecimientos |<br/>Capítulo I. La temática |<br/>Capítulo II. Determinación y contextos |<br/>Capítulo III. Mesianismo y milenarismo |<br/>Capítulo IV. Peculiaridades escatológicas del Liborismo |<br/>Capítulo V. San Juan de la Maguana hasta inicios del Siglo XX |<br/>Capítulo VI. Aparicipon del maestro |<br/>Capítulo VII. Conatos de modernización |<br/>Capítulo VIII. Persecución y muerte |<br/>Capítulo IX. Popa y otros profetas resurrectos |<br/>Capítulo X. Manifestaciones similares |<br/>Capítulo XI. San Juan bajo Trujillo y letargo del Liborismo<br/>Capítulo XII. Antecedentes de Palma Sola |<br/>Capítulo XIII. La bella Aurora |<br/>Capítulo XIV. Agenda controversial |<br/>Capítulo XV. Preparación del desenlace |<br/>Capítulo XVI. A sangre y fuego |<br/>Capítulo XVII. Recomposición de núcleos dispersos |<br/>Capítulo XVIII. Manifestaciones mágico-religiosas diversas |<br/>Capítulo XIX. Profetas finiseculares de la Maguana |<br/>Anexo 1. Cronología del Liborismo |<br/>Anexo 2. Liboristas detenidos en las Matas de Farfán, 21 de diciembre de 162 |<br/>Anexo 3. Salves y otras composiciones |<br/>Entrevistas |<br/>Bibliografía<br/> |
| 600 #7 - PUNTO DE ACCESO ADICIONAL DE MATERIA--NOMBRE DE PERSONA |
| Nombre de persona |
Mateo, Olivorio, |
| Fechas asociadas al nombre |
1876-1922 |
| 9 (RLIN) |
194512 |
| 650 #7 - PUNTO DE ACCESO ADICIONAL DE MATERIA--TÉRMINO DE MATERIA |
| Fuente del encabezamiento o término |
lemb |
| Término de materia o nombre geográfico como elemento de entrada |
Lideres religiosos |
| Subdivisión geográfica |
República Dominicana |
| 9 (RLIN) |
194630 |
| 650 #7 - PUNTO DE ACCESO ADICIONAL DE MATERIA--TÉRMINO DE MATERIA |
| Fuente del encabezamiento o término |
lemb |
| Término de materia o nombre geográfico como elemento de entrada |
Religiosidad popular |
| Subdivisión geográfica |
República Dominicana |
| 9 (RLIN) |
27140 |
| 650 #7 - PUNTO DE ACCESO ADICIONAL DE MATERIA--TÉRMINO DE MATERIA |
| Fuente del encabezamiento o término |
lemb |
| Término de materia o nombre geográfico como elemento de entrada |
Ocultismo |
| Subdivisión geográfica |
República Dominicana |
| 9 (RLIN) |
194631 |
| 650 #7 - PUNTO DE ACCESO ADICIONAL DE MATERIA--TÉRMINO DE MATERIA |
| Fuente del encabezamiento o término |
lemb |
| Término de materia o nombre geográfico como elemento de entrada |
Movimientos Sociales |
| Subdivisión geográfica |
República Dominicana |
| 9 (RLIN) |
194632 |
| 700 10 - PUNTO DE ACCESO ADICIONAL--NOMBRE DE PERSONA |
| Nombre de persona |
Yunén Zouain, Rafael Emilio, |
| Fechas asociadas al nombre |
1952 - |
| 9 (RLIN) |
69386 |
| Término indicativo de función/relación |
prologuista |
| 700 10 - PUNTO DE ACCESO ADICIONAL--NOMBRE DE PERSONA |
| Nombre de persona |
Vera Riverón, Aimara |
| 9 (RLIN) |
99221 |
| Término indicativo de función/relación |
cuidado de la edición |
| 700 10 - PUNTO DE ACCESO ADICIONAL--NOMBRE DE PERSONA |
| Nombre de persona |
Domínguez Novas, Juan Francisco |
| 9 (RLIN) |
127336 |
| Término indicativo de función/relación |
diagramador |
| 700 10 - PUNTO DE ACCESO ADICIONAL--NOMBRE DE PERSONA |
| Nombre de persona |
De la Rosa, Yenifer |
| 9 (RLIN) |
84991 |
| Término indicativo de función/relación |
diseñador de portada |
| 942 ## - ELEMENTOS DE PUNTO DE ACCESO ADICIONAL (KOHA) |
| Fuente del sistema de clasificación o colocación |
Sistema de Clasificación Decimal Dewey |
| Tipo de ítem Koha |
Libro (general) |